Central Library OPAC University of Rajshahi

The ant world / (Record no. 12268)

MARC details
000 -LEADER
fixed length control field 00758nam a2200265 a 4500
001 - CONTROL NUMBER
control field 12268
003 - CONTROL NUMBER IDENTIFIER
rucl marc code BD-RjUL
005 - DATE AND TIME OF LATEST TRANSACTION
control field 20211208235250.0
008 - FIXED-LENGTH DATA ELEMENTS--GENERAL INFORMATION
fixed length control field 140128r19551953enkao 001 0 eng d
035 ## - SYSTEM CONTROL NUMBER
System control number (BD-RjUL)12317
040 ## - CATALOGING SOURCE
Original cataloging agency DLC
Language of cataloging eng
Transcribing agency BD-RjUL
Modifying agency BD-RjUL
041 ## - LANGUAGE CODE
Language code of text/sound track or separate title eng
082 ## - DEWEY DECIMAL CLASSIFICATION NUMBER
Classification number 595.796
Edition number 18
Classification number 595.796
Edition number 18
Author mark and year MOA 1955
100 1# - MAIN ENTRY--PERSONAL NAME
Personal name Morley, Derek Wragge.
9 (RLIN) 38085
245 14 - TITLE STATEMENT
Title The ant world /
Statement of responsibility, etc. Derek Wragge Morley.
260 ## - PUBLICATION, DISTRIBUTION, ETC. (IMPRINT)
Place of publication, distribution, etc. Harmondsworth :
Name of publisher, distributor, etc. Penguin,
Date of publication, distribution, etc. 1953 [reprinted 1955].
300 ## - PHYSICAL DESCRIPTION
Pagination 190, [1] p., [4] leaves of plates :
Illustrations ill. ;
Size 18 cm.
490 1# - SERIES STATEMENT
Series statement Pelican books ;
Volume/sequential designation A240
504 ## - BIBLIOGRAPHY, ETC. NOTE
Bibliography, etc includes index.
650 #0 - SUBJECT ADDED ENTRY--TOPICAL TERM
Topical term or geographic name as entry element Ants.
9 (RLIN) 38086
830 #0 - SERIES ADDED ENTRY--UNIFORM TITLE
Volume number/sequential designation A240
Uniform title Pelican books ;
942 ## - ADDED ENTRY ELEMENTS (KOHA)
Source of classification or shelving scheme Dewey Decimal Classification
Koha item type Books
Holdings
Lost status Source of classification or shelving scheme Damaged status Not for loan Collection code Permanent Location Current Location Shelving location Date acquired Source of acquisition Total Checkouts Full call number Date last seen Copy number Koha item type
  Dewey Decimal Classification   Not For Loan Non-fiction Central Library, University of Rajshahi Central Library, University of Rajshahi Reading Room 14/05/1963 Asia Foundation   595.796 MOA 1955 28/01/2014 C-1 Books